<?xml version="1.0" encoding="UTF-8"?><?xml-stylesheet type="text/xsl" href="static/style.xsl"?><OAI-PMH xmlns="http://www.openarchives.org/OAI/2.0/" xmlns:xsi="http://www.w3.org/2001/XMLSchema-instance" xsi:schemaLocation="http://www.openarchives.org/OAI/2.0/ http://www.openarchives.org/OAI/2.0/OAI-PMH.xsd"><responseDate>2026-04-30T03:51:12Z</responseDate><request verb="GetRecord" identifier="oai:repisalud.isciii.es:20.500.12105/23122" metadataPrefix="marc">https://repisalud.isciii.es/rest/oai/request</request><GetRecord><record><header><identifier>oai:repisalud.isciii.es:20.500.12105/23122</identifier><datestamp>2024-11-29T15:15:22Z</datestamp><setSpec>com_20.500.12105_2173</setSpec><setSpec>com_20.500.12105_2051</setSpec><setSpec>col_20.500.12105_19597</setSpec></header><metadata><record xmlns="http://www.loc.gov/MARC21/slim" xmlns:dcterms="http://purl.org/dc/terms/" xmlns:doc="http://www.lyncode.com/xoai" xmlns:xsi="http://www.w3.org/2001/XMLSchema-instance" xsi:schemaLocation="http://www.loc.gov/MARC21/slim http://www.loc.gov/standards/marcxml/schema/MARC21slim.xsd">
   <leader>00925njm 22002777a 4500</leader>
   <datafield ind2=" " ind1=" " tag="042">
      <subfield code="a">dc</subfield>
   </datafield>
   <datafield ind2=" " ind1=" " tag="720">
      <subfield code="a">Bueno, Maria Jose</subfield>
      <subfield code="e">author</subfield>
   </datafield>
   <datafield ind2=" " ind1=" " tag="720">
      <subfield code="a">Mouron, Silvana</subfield>
      <subfield code="e">author</subfield>
   </datafield>
   <datafield ind2=" " ind1=" " tag="720">
      <subfield code="a">Caleiras, Eduardo</subfield>
      <subfield code="e">author</subfield>
   </datafield>
   <datafield ind2=" " ind1=" " tag="720">
      <subfield code="a">Martínez, Mario</subfield>
      <subfield code="e">author</subfield>
   </datafield>
   <datafield ind2=" " ind1=" " tag="720">
      <subfield code="a">Manso, Luis</subfield>
      <subfield code="e">author</subfield>
   </datafield>
   <datafield ind2=" " ind1=" " tag="720">
      <subfield code="a">Colomer, Ramón</subfield>
      <subfield code="e">author</subfield>
   </datafield>
   <datafield ind2=" " ind1=" " tag="720">
      <subfield code="a">Quintela-Fandino, Miguel</subfield>
      <subfield code="e">author</subfield>
   </datafield>
   <datafield ind2=" " ind1=" " tag="260">
      <subfield code="c">2024-05</subfield>
   </datafield>
   <datafield ind2=" " ind1=" " tag="520">
      <subfield code="a">BACKGROUND: HER2, TROP2 and PD-L1 are novel targets in triple-negative breast cancer (TNBC). The combined expression status of these targets, and whether they can define prognostic subgroups, is currently undefined. METHODS: Immunohistochemistry was used to determine HER2, TROP2 and PD-L1 levels in 459 TNBC cases, that received in the adjuvant/neoadjuvant setting active surveillance, CMF, anthracycline-, anthracycline plus taxane-, or carboplatin-containing regimes. RESULTS: HER2-low patients with PD-L1 > 1 CPS (double-positive, herein "DP") had a mean PFS of 4768ﾠdays (95% CI: 4267-5268) versus 3522ﾠdays (95% CI: 3184-3861) for non-DP patients (P = 0.002). Regarding the received adjuvant treatment, DP patients (versus non-DP) receiving anthracyclines plus taxanes exhibited a mean PFS time of 4726 (95% CI: 4022-5430) versus 3302 (95% CI: 2818-3785) days (P = 0.039). Finally, 100% of DP patients that received a carboplatin-based regimen were long-term disease-free. CONCLUSIONS: Early HER2-low, PD-L1-positive TNBC patients have a very good prognosis, particularly if treated with anthracycline/taxane- or carboplatin-containing regimes.</subfield>
   </datafield>
   <datafield ind1="8" ind2=" " tag="024">
      <subfield code="a">Clin Transl Oncol  . 2024;26(5):1273-1279.</subfield>
   </datafield>
   <datafield ind1="8" ind2=" " tag="024">
      <subfield code="a">10.1007/s12094-023-03329-9</subfield>
   </datafield>
   <datafield ind1="8" ind2=" " tag="024">
      <subfield code="a">1699-3055</subfield>
   </datafield>
   <datafield ind1="8" ind2=" " tag="024">
      <subfield code="a">Clinical &amp; translational oncology : official publication of the Federation of Spanish Oncology Societies and of the National Cancer Institute of Mexico</subfield>
   </datafield>
   <datafield ind1="8" ind2=" " tag="024">
      <subfield code="a">37851244</subfield>
   </datafield>
   <datafield ind1="8" ind2=" " tag="024">
      <subfield code="a">https://hdl.handle.net/20.500.12105/23122</subfield>
   </datafield>
   <datafield ind2="0" ind1="0" tag="245">
      <subfield code="a">Distribution of PD-L1, TROP2 and HER2- "lowness" in early triple-negative breast cancer: an opportunity for treatment de-escalation</subfield>
   </datafield>
</record></metadata></record></GetRecord></OAI-PMH>